KOHA-Header-6

The theory and practice of group psychotherapy / (Record no. 12596)

000 -LEADER
fixed length control field 01707cam a22004454a 4500
001 - CONTROL NUMBER
control field 13830382
003 - CONTROL NUMBER IDENTIFIER
control field MAJU-Karachi
005 - DATE AND TIME OF LATEST TRANSACTION
control field 20201003142204.0
008 - FIXED-LENGTH DATA ELEMENTS--GENERAL INFORMATION
fixed length control field 050104s2005 nyu b 001 0 eng
010 ## - LIBRARY OF CONGRESS CONTROL NUMBER
LC control number 2005000056
015 ## - NATIONAL BIBLIOGRAPHY NUMBER
National bibliography number GBA539808
Source bnb
015 ## - NATIONAL BIBLIOGRAPHY NUMBER
National bibliography number bnb
016 7# - NATIONAL BIBLIOGRAPHIC AGENCY CONTROL NUMBER
Record control number 013194876
Source Uk
016 7# - NATIONAL BIBLIOGRAPHIC AGENCY CONTROL NUMBER
Record control number 101254743
Source DNLM
020 ## - INTERNATIONAL STANDARD BOOK NUMBER
International Standard Book Number 0465092845 (harcover : alk. paper)
035 ## - SYSTEM CONTROL NUMBER
System control number (OCoLC)ocm57373897
040 ## - CATALOGING SOURCE
Original cataloging agency DLC
Transcribing agency DLC
Modifying agency YDX
-- UKM
-- BAKER
-- UWC
-- NLM
-- DLC
042 ## - AUTHENTICATION CODE
Authentication code pcc
050 00 - LIBRARY OF CONGRESS CALL NUMBER
Classification number RC488
Item number .Y3 2005
060 00 - NATIONAL LIBRARY OF MEDICINE CALL NUMBER
Classification number 2005 K-696
060 10 - NATIONAL LIBRARY OF MEDICINE CALL NUMBER
Classification number WM 430
Item number Y19t 2005
082 00 - DEWEY DECIMAL CLASSIFICATION NUMBER
Classification number 616.89/152
Edition number 22
100 1# - MAIN ENTRY--PERSONAL NAME
Personal name Yalom, Irvin D.,
Dates associated with a name 1931-
245 14 - TITLE STATEMENT
Title The theory and practice of group psychotherapy /
Statement of responsibility, etc Irvin D. Yalom with Molyn Leszcz.
250 ## - EDITION STATEMENT
Edition statement 5th ed.
260 ## - PUBLICATION, DISTRIBUTION, ETC. (IMPRINT)
Place of publication, distribution, etc New York :
Name of publisher, distributor, etc Basic Books,
Date of publication, distribution, etc c2005.
300 ## - PHYSICAL DESCRIPTION
Extent xix, 668 p. ;
Dimensions 25 cm.
504 ## - BIBLIOGRAPHY, ETC. NOTE
Bibliography, etc Includes bibliographical references (p. 573-650) and index.
650 #0 - SUBJECT ADDED ENTRY--TOPICAL TERM
Topical term or geographic name as entry element Group psychotherapy.
650 12 - SUBJECT ADDED ENTRY--TOPICAL TERM
Topical term or geographic name as entry element Psychotherapy, Group
General subdivision methods.
650 22 - SUBJECT ADDED ENTRY--TOPICAL TERM
Topical term or geographic name as entry element Professional-Patient Relations.
650 22 - SUBJECT ADDED ENTRY--TOPICAL TERM
Topical term or geographic name as entry element Transference (Psychology)
700 1# - ADDED ENTRY--PERSONAL NAME
Personal name Leszcz, Molyn,
Dates associated with a name 1952-
856 41 - ELECTRONIC LOCATION AND ACCESS
Materials specified Table of contents
Uniform Resource Identifier <a href="http://www.loc.gov/catdir/toc/ecip055/2005000056.html">http://www.loc.gov/catdir/toc/ecip055/2005000056.html</a>
856 42 - ELECTRONIC LOCATION AND ACCESS
Materials specified Contributor biographical information
Uniform Resource Identifier <a href="http://www.loc.gov/catdir/enhancements/fy0831/2005000056-b.html">http://www.loc.gov/catdir/enhancements/fy0831/2005000056-b.html</a>
856 42 - ELECTRONIC LOCATION AND ACCESS
Materials specified Publisher description
Uniform Resource Identifier <a href="http://www.loc.gov/catdir/enhancements/fy0831/2005000056-d.html">http://www.loc.gov/catdir/enhancements/fy0831/2005000056-d.html</a>
906 ## - LOCAL DATA ELEMENT F, LDF (RLIN)
a 7
b cbc
c orignew
d 1
e ecip
f 20
g y-gencatlg
942 ## - ADDED ENTRY ELEMENTS (KOHA)
Source of classification or shelving scheme
Koha item type Psychology
Holdings
Withdrawn status Lost status Source of classification or shelving scheme Damaged status Not for loan Collection code Permanent Location Current Location Shelving location Date acquired Full call number Barcode Date last seen Price effective from Koha item type
&nbsp; &nbsp; &nbsp; &nbsp; &nbsp; Psychology MAJU MAJU Shelf No.B35 2020-10-03 616.89/152 9717 2020-10-03 2020-10-03 Psychology

Powered by Koha